000 00202nam a2200097Ia 4500
008 240331s9999 xx 000 0 und d
082 _bMAL
100 _aMalan
245 0 _aMalan sirukadhaigal
942 _cL
999 _c4680
_d4680